01076nam a2200229 a 450000100100000000500170001000800410002704000250006808200140009324000250010724501250013226000530025730000280031050000730033859000750041159000270048670000560051370000350056970000400060495201850064499900170082900003582520200930074637.0111115s1981 mx a 000 0 spa d aDO-SdBNPbspacBNPHU annnbA24410aAdulthoodlEspañol03aLa adultez /cHerant A. Katchadourian ... [et al.] ; compilador Erik H. Erikson ; traducción de Celia Haydee Paschero. aMéxico :bFondo de Cultura Económica,c1981. a402 p. :bil. ;c24 cm. aIncluye referencias bibliográficas y notas al pie de las páginas aPerteneció a la biblioteca personal de Juan Isidro Jimenes Grullón aInventariado, 2019 /LP1 aErikson, Erik H.qErik Homburgerd1902-1994.9617891 aKatchadourian, Herant A9617901 aPaschero, Celia Haydee,etr.961791 001050718MOaGRbGRcHDd2011-11-15iLF1l0onnn A244p35825-10r2020-06-25w2020-06-25y1zPerteneció a la biblioteca personal de Juan Isidro Jimenes Grullón.ZNo se presta c35316d35316